000 00544nam a2200193 i 4500
001 bg
100 1 _aGumiński, Kazimierz
_d(1908-1983).
245 0 _aElementy chemii teoretycznej /
_cK. Gumiński, P. Petelenz.
260 _aWarszawa :
_bPWN,
_c1989.
300 _a733, [1] s. :
_brys., wykr. ;
_c24 cm.
650 9 _aChemia
_xteoria
655 _aPodręczniki akademickie
700 1 _aPetelenz, Piotr.
040 _cBPK
041 _apol
080 _a541.1:531:530.1](075.8)
942 _cKS
008 s pl f |000 0 pol
999 _c3911
_d3911
856 _uhttp://koha.tu.koszalin.pl/cgi-bin/koha/opac-detail.pl?biblionumber=3911
_yKatalog online BPK